[Event "Reykjavik Meistaramot Hellis op"]
[Site "Reykjavik"]
[Date "2009.02.06"]
[Round "4"]
[White "Gudbrandsson, Geir"]
[Black "Andrason, Pall Snaedal"]
[Result "0-1"]
[WhiteElo "1345"]
[BlackElo "1564"]
[PlyCount "64"]
[EventDate "2009.02.02"]
[EventType "swiss"]
[EventRounds "7"]
[EventCountry "ISL"]
[SourceTitle "EXT 2010"]
[Source "ChessBase"]
[SourceDate "2010.11.25"]
[SourceVersion "1"]
[SourceVersionDate "2010.11.25"]
[SourceQuality "1"]

1. e4 c5 2. Nc3 Nc6 3. Nf3 g6 4. Bc4 Bg7 5. d3 d6 6. h3 Nf6 7. Be3 0-0 8. Qd2 Be6 9. Ng5 Bxc4 10. dxc4 Ne5 11. Qe2 Qa5 12. f4 Ned7 13. 0-0 Nh5 14. Qe1 Bxc3 15. bxc3 Nhf6 16. Bd2 Qa4 17. e5 dxe5 18. fxe5 Nh5 19. g4 Ng7 20. Qh4 h5 21. gxh5 Nxh5 22. Qe1 Qxc4 23. e6 fxe6 24. Rxf8+ Rxf8 25. Nxe6 Rf5 26. Ng5 Nf4 27. Bxf4 Qxf4 28. Ne6 Qf3 29. Qh4 Qe3+ 30. Kh1 Qxe6 31. Re1 Qd5+ 32. Kg1 Ne5 0-1

[Event "Reykjavik Meistaramot Hellis op"]
[Site "Reykjavik"]
[Date "2009.02.02"]
[Round "1"]
[White "Gudbrandsson, Geir"]
[Black "Thorvaldsson, Arni"]
[Result "0-1"]
[WhiteElo "1345"]
[BlackElo "2032"]
[PlyCount "74"]
[EventDate "2009.02.02"]
[EventType "swiss"]
[EventRounds "7"]
[EventCountry "ISL"]
[SourceTitle "EXT 2010"]
[Source "ChessBase"]
[SourceDate "2010.11.25"]
[SourceVersion "1"]
[SourceVersionDate "2010.11.25"]
[SourceQuality "1"]

1. e4 e6 2. d4 d5 3. Nc3 Nf6 4. Bg5 Bb4 5. e5 h6 6. exf6 hxg5 7. fxg7 Rg8 8. Qf3 Rxg7 9. 0-0-0 Nc6 10. Bb5 Bd7 11. Nge2 Qe7 12. Rhe1 0-0-0 13. Ng3 g4 14. Qe3 Qh4 15. Rh1 Be7 16. Kb1 Rh8 17. h3 Rgh7 18. hxg4 Qxg4 19. Rxh7 Rxh7 20. Be2 Qg7 21. Bb5 Bg5 22. Qd3 Nb8 23. Na4 Rh4 24. Ne2 Qh8 25. Bxd7+ Nxd7 26. a3 Kb8 27. g3 Rh2 28. f4 Be7 29. Nac3 Nb6 30. Qb5 a6 31. Qd3 Nc4 32. Nc1 Qh5 33. Nb3 Qg4 34. Ka2 Rg2 35. Qh7 Qxg3 36. Qxf7 Rxc2 37. Rb1 Qxc3 0-1